|
|
|
|
| LEADER |
00890nam a22002172a 4500 |
| 001 |
000298983 |
| 003 |
CZ BrMZK |
| 005 |
20080409150248.0 |
| 008 |
980107s1973 au f ger d |
| 040 |
|
|
|a BOA001
|b cze
|
| 100 |
1 |
|
|a Wagner, Werner,
|c pedagog
|
| 245 |
1 |
4 |
|a Die innere Differenzierung des Unterrichtes als Problem der pädagogischen Psychologie :
|b eine empirische Untersuchung an Schülern der vierten Schulstufe /
|c Werner Wagner.
|
| 260 |
|
|
|a Wien :
|b E. Ketterl,
|c [1973?]
|
| 300 |
|
|
|a 73 s.
|
| 490 |
1 |
|
|a Beiträge zur pädagogischen Psychologie
|
| 830 |
|
0 |
|a Beiträge zur pädagogischen Psychologie
|
| 910 |
|
|
|a BOA001
|b PK-0075.432
|
| 964 |
|
|
|a Vyučování diferencované - dějiny - přehledy
|
| 964 |
|
|
|a Vyučování diferencované - výzkumy - Volksschulen
|
| 990 |
|
|
|a BK
|
| 996 |
7 |
|
|b 3119821539
|c PK-0075.432
|l MZK
|r Sklad / do 1 hodiny
|n 3
|w 000298983
|u 000010
|a 1
|e BOA001
|j MZK50
|s A
|